000
00316nam a22001457a 4500
003
SGT
082
_a
615.53
_b
B08D
100
_a
DUBY, G.P.
245
_a
BRAIN AGEING AND AYURVED
260
_a
NEW DELHI
_b
CCRAS
_c
2008
300
_a
307
650
_a
AYURVEDA
653
_a
BRAIN, AGEING, AYURVED
942
_2
ddc
_c
BK
999
_c
34657
_d
34657